|
|
|
|
| LEADER |
00691nas a2200193 i 4500 |
| 001 |
misc76042 |
| 005 |
20250917084538.0 |
| 008 |
250915s1920 hu o 000 hun d |
| 040 |
|
|
|a SZTE Miscellanea Repozitórium
|b hun
|
| 041 |
|
|
|a hun
|
| 245 |
0 |
0 |
|a Színházi Világ - 1. évf. (1920) 19. sz.
|h [elektronikus dokumentum]
|
| 260 |
|
|
|c 1920
|
| 300 |
|
|
|a 40
|
| 490 |
0 |
|
|a Színházi Világ
|v 1 No. 19
|
| 650 |
|
4 |
|a Bölcsészettudományok
|
| 650 |
|
4 |
|a Művészetek (művészetek, művészettörténet, előadóművészetek, zene)
|
| 695 |
|
|
|a Színjátszás, Színházművészet
|
| 700 |
0 |
1 |
|a Balassa Emil
|
| 856 |
4 |
0 |
|u http://misc.bibl.u-szeged.hu/76042/1/szinhazi_vilag_1920_019.pdf
|z Dokumentum-elérés
|